000 01019nam a2200229Ia 4500
001 17757
005 20260406152730.0
008 260306s9999||||xx |||||||||||||| ||und||
041 _aESP
082 _a658.152
_bB82 2020
100 _aBrealey, Richard A.
_eAUT
245 0 _aPrincipios de finanzas corporativas
260 _c2020
300 _avarias paginaciones :
_c27 cm.
650 _aGEN
654 _aCAN
856 _uhttps://itmsp.museknowledge.com/UCSP?url=https://www.ebooks7-24.com:443/?il=10408&pg=1
_zVersión digital
856 _uhttps://0u213vbtm-y-https-ebooks7--24-com.itmsp.museknowledge.com/biblioteca.aspx
_zVéase además: Base de datos Ebook7-24
856 _uhttps://0u20fvbuf-y-https-research-ebsco-com.itmsp.museknowledge.com/c/qxo6us/search
_zVéase además: Base de datos EBSCOhost
856 _uhttps://0u20vvbdj-y-https-ebookcentral-proquest-com.itmsp.museknowledge.com/lib/catolicasp/home.action
_zVéase además: Base de datos ProQuest Ebook Central
942 _cLIB
_dJUS
_fJUS
_2ddc
999 _c17757
_d17757